000 00429nam a2200181Ia 4500
001 12958
005 20260306163018.0
008 260306t1975||||xx |||||||||||||| ||spa||
041 _aESP
082 _aRD
_b467.84
100 _aFernandez Naranjo, Nicolas
_eAUT
245 0 _aDiccionario de bolivianismos
260 _c1975
300 _a247 páginas :
_ccm.
650 _aGEN
654 _aCHU
942 _cDIC
_dJUS
_fJUS
_2ddc
_n
999 _c12958
_d12958